Scientific Publications - Statistics

General Stats
  • This quiz has been taken 4 times
  • The average score is 4 of 15
Answer Stats
Year Authors Answer % Correct
1988 Hawking A Brief History of {Time}
100%
1859 Darwin On the Origin of {Species}
100%
1921 Curie The Discovery of {Radium}
75%
c. 300 BC Euclid The {Elements}
50%
1763 Bayes An Essay Towards Solving a Problem in the Doctrine of {Chances}
25%
1542 Recorde {Arithmetick}: or, The Grounde of Arts
25%
1985 Farman et al Large losses of total {ozone} in Antarctica reveal seasonal ClOx/NOx interaction
25%
1953 Watson and Crick Molecular Structure of Nucleic Acids: A Structure for {Deoxyribose Nucleic Acid}
25%
2017 Vaswani et al {Attention} Is All You Need
0%
1956 Miner Body Ritual among the {Nacirema}
0%
1918 Noether {Invariant} Variation Problems
0%
1905 Einstein On the {Electrodynamics} of Moving Bodies
0%
1687 Newton Philosophiæ Naturalis {Principia Mathematica}
0%
1951 Lowry et al {Protein measurement} with the folin phenol reagant
0%
1661 Boyle The {Sceptical} Chymist
0%
No matching quizzes found
Score Distribution
Percent of People with Each Score
Percentile by Number Answered
Your Score History
You have not taken this quiz